| Tag |
First Indicator |
Second Indicator |
Subfields |
| LEADER |
00000cam a2200000 a 4500 |
| 001 |
in00001761925 |
| 005 |
20151025052239.0 |
| 008 |
870807s1988 onca b 000 0 eng |
| 010 |
|
|
|a 87023193
|
| 020 |
|
|
|a 0553213083 (pbk.)
|
| 035 |
|
|
|a (OCoLC)ocm16833394
|
| 040 |
|
|
|a DLC
|c DLC
|d OCLCQ
|d TXA
|d UtOrBLW
|
| 049 |
|
|
|a TXAM
|
| 050 |
1 |
0 |
|a PR2837.A2
|b B38 1988
|
| 082 |
0 |
0 |
|a 822.3/3
|2 19
|
| 100 |
1 |
|
|a Shakespeare, William,
|d 1564-1616.
|
| 245 |
1 |
0 |
|a Twelfth night or, What you will /
|c William Shakespeare ; edited by David Bevington ; David Scott Kastan, James Hammersmith, and Robert Kean Turner, associate editors ; with a foreword by Joseph Papp.
|
| 264 |
|
1 |
|a Toronto ;
|a New York :
|b Bantam Books,
|c 1988.
|
| 300 |
|
|
|a xxxii, 127 pages :
|b illustrations ;
|c 18 cm.
|
| 336 |
|
|
|a text
|b txt
|2 rdacontent
|
| 337 |
|
|
|a unmediated
|b n
|2 rdamedia
|
| 338 |
|
|
|a volume
|b nc
|2 rdacarrier
|
| 490 |
0 |
|
|a A Bantam classic
|
| 500 |
|
|
|a "Bantam edition with newly edited text and substantially revised, edited, and amplified notes, introductions, and other materials"--Title page verso.
|
| 504 |
|
|
|a Includes bibliographical references (pages [121]-125).
|
| 536 |
|
|
|a From the Library of Harrison T. Meserole, 2002.
|
| 650 |
|
0 |
|a Shipwreck survival
|v Drama.
|
| 650 |
|
0 |
|a Brothers and sisters
|v Drama.
|
| 651 |
|
0 |
|a Illyria
|v Drama.
|
| 650 |
|
0 |
|a Twins
|v Drama.
|
| 655 |
|
7 |
|a Comedies.
|2 gsafd
|
| 700 |
1 |
|
|a Bevington, David M.
|
| 740 |
0 |
|
|a Twelfth night.
|
| 740 |
0 |
|
|a What you will.
|
| 994 |
|
|
|a C0
|b TXA
|
| 948 |
|
|
|a cataloged
|b h
|c 2003/5/8
|d c
|e blrosas
|f 1:09:55 pm
|
| 999 |
|
|
|a MARS
|
| 999 |
f |
f |
|s 9f03488d-bb24-3fe7-a608-2e096144c67c
|i b03f6668-a545-3572-8d7b-8bb84940e48a
|t 0
|
| 952 |
f |
f |
|p ric
|a Texas A&M University
|b Rellis Campus
|c Joint Library Facility
|d Remote Storage
|t 0
|e PR2837.A2 B38 1988
|h Library of Congress classification
|i unmediated -- volume
|m A14830113864
|
| 998 |
f |
f |
|a PR2837.A2 B38 1988
|t 0
|l Remote Storage
|